Los asesinatos de la mansión decagonal (Registro nro. 15798)

000 -CABECERA
campo de control de longitud fija 02263nam a22002657a 4500
003 - IDENTIFICADOR DEL NÚMERO DE CONTROL
campo de control OSt
005 - FECHA Y HORA DE LA ÚLTIMA TRANSACCIÓN
campo de control 20250129153831.0
008 - DATOS DE LONGITUD FIJA--INFORMACIÓN GENERAL
campo de control de longitud fija 250128b ||||| |||| 00| 0 spa d
020 ## - NÚMERO INTERNACIONAL ESTÁNDAR DEL LIBRO
Número Internacional Estándar del Libro 9786289529265
040 ## - FUENTE DE LA CATALOGACIÓN
Centro/agencia transcriptor CO-MqBPB
041 ## - CÓDIGO DE LENGUA
Código de lengua del texto/banda sonora o título independiente spa
082 ## - NÚMERO DE LA CLASIFICACIÓN DECIMAL DEWEY
Número de clasificación NG
Número de documento/Ítem AYAm
100 ## - ENTRADA PRINCIPAL--NOMBRE DE PERSONA
Nombre de persona Ayatsuji, Yukito,1960-,
Término indicativo de función/relación autor
245 ## - MENCIÓN DE TÍTULO
Título Los asesinatos de la mansión decagonal
Resto del título n1 /guión,
Mención de responsabilidad, etc. Yukito Ayatsuji
250 ## - MENCIÓN DE EDICIÓN
Mención de edición Primera edición
264 ## - PRODUCCIÓN, PUBLICACIÓN, DISTRIBUCIÓN, FABRICACIÓN Y COPYRIGHT
Producción, publicación, distribución, fabricación y copyright Bogotá :
Nombre del de productor, editor, distribuidor, fabricante Distrito Manga,
Fecha de producción, publicación, distribución, fabricación o copyright 2022
300 ## - DESCRIPCIÓN FÍSICA
Extensión 179 páginas :
Otras características físicas bilustraciones a color y en blanco y negro ;
Dimensiones 18 cm
500 ## - NOTA GENERAL
Nota general Reseña del libro "Los Asesinatos de la Mansión Decagonal"<br/>En la isla de Tsunojima, un reconocido y excéntrico arquitecto se hace construir una lujosa mansión con forma de decágono en la que, un tiempo después, aparece brutalmente asesinado junto a su esposa y sus dos sirvientes. Alrededor de este oscuro crimen giran Los asesinatos de la mansión decagonal y sus protagonistas, un grupo de siete estudiantes universitarios miembros de un club de misterio que, atraídos por el enigma de la autoría y la particularidad del caso, deciden pasar una semana en la isla para investigar el asesinato. Sin embargo, tras su llegada, pronto comenzarán a percibir una presencia amenazadora que los acecha y se les hará evidente que alguien quiere acabar con ellos de la forma más retorcida posible. El ambiente empieza a enrarecerse y las dudas quedan suspendidas en el aire: ¿Quién se esconde tras tales actos atroces? Y, lo más importante, ¿por qué los comete? Yukito Ayatsuji y Hiro Kiyohara regresan con un tablero de asesinatos al más puro estilo Agatha Christie. Con unos planos impactantes, unas perspectivas imposibles y una narración frenética, este manga rezuma misterio y suspense por todas las páginas. Adaptación de una novela homónima que es best seller en Japón, la trama está cargada de una tensión que irá creciendo exponencialmente y que mantendrá al lector pegado al libro hasta llegar a su trepidante final.
546 ## - NOTA DE LENGUA/LENGUAJE
Nota de lengua/lenguaje Jukkakukan no satsujin
650 14 - PUNTO DE ACCESO ADICIONAL DE MATERIA--TÉRMINO DE MATERIA
Fuente del encabezamiento o término Novela gráfica
Subdivisión general japonesa
650 24 - PUNTO DE ACCESO ADICIONAL DE MATERIA--TÉRMINO DE MATERIA
Fuente del encabezamiento o término Manga
Subdivisión geográfica Comic japonés
700 ## - PUNTO DE ACCESO ADICIONAL--NOMBRE DE PERSONA
Nombre de persona Kiyohara, Hiro,1981-,
Término indicativo de función/relación ilustrador
700 ## - PUNTO DE ACCESO ADICIONAL--NOMBRE DE PERSONA
Nombre de persona Mintegui Arrieta, Natalia,
Término indicativo de función/relación traductor
942 ## - ELEMENTOS DE PUNTO DE ACCESO ADICIONAL (KOHA)
Fuente del sistema de clasificación o colocación
Tipo de ítem Koha Libro Literatura
Existencias
Estado de retiro Estado de pérdida Fuente del sistema de clasificación o colocación Estado dañado No para préstamo Código de colección Localización permanente Ubicación/localización actual Ubicación en estantería Fecha de adquisición Fuente de adquisición Número de inventario Total de préstamos Renovaciones totales Signatura topográfica completa Código de barras En préstamo Fecha visto por última vez Fecha del último préstamo Número de copia Precio válido a partir de Tipo de ítem Koha Nota pública
          Literatura Infantil Biblioteca Pública San Juan Bosco Biblioteca Pública San Juan Bosco Literatura 28/01/2025 Compra 2024 NT 8 1 NG AYAm MOS504089 30/05/2026 13/05/2026 13/05/2026 Ej. 1 28/01/2025 Libro Literatura Quince dias
          Literatura Infantil Biblioteca Pública San Juan Bosco Biblioteca Pública San Juan Bosco Literatura 28/01/2025 Compra 2024 NT 8 2 NG AYAm MOS504090   29/05/2026 15/05/2026 Ej. 2 28/01/2025 Libro Literatura Quince dias

© Todos los derechos reservados para la Biblioteca Pública Municipal San Juan Bosco, 2020
Secretaria de Cultura de Mosquera
Carrera 3 N° 10 Esquina Centro Cultural Barrio El Carmén Teléfono: 8270830 Ext: 34
Funcionando con KOHA
Contacto: Biblioteca Pública Municipal San Juan Bosco/ bibliotecasanjuanbosco@mosquera-cundinamarca.gov.co
Mosquera, Cundinamarca